| 000 | 00882nam a2200217 a 4500 | ||
|---|---|---|---|
| 003 | 0 | ||
| 005 | 20250618083255.0 | ||
| 008 | 021115s19uu xx 00 eng d | ||
| 050 |
_aPGS HQ 799.2.T4 _b.G573 1999 |
||
| 100 | _aGo, Marco L. | ||
| 245 |
_aThe effects of TV on the attitude and values of the youth as reflected in their conduct and academic performance / _cMarco L. Go. |
||
| 260 |
_aLas PiƱas City, Philippines : _bSouthville International School and Colleges, _c1999. |
||
| 300 |
_a28 pages : _bcolored illustrations ; _c28 cm. |
||
| 504 | _aIncludes bibliographical references. | ||
| 650 | _aTelevision and teenagers. | ||
| 650 |
_aTelevision _vPsychological aspects . |
||
| 650 |
_aYouth _vConduct of life. |
||
| 650 |
_aTelevision _vMoral and ethical aspects. |
||
| 650 |
_aTelevision viewers _vEffect of television viewing on _vYouth. |
||
| 942 |
_2lcc _cPASS |
||
| 999 |
_c96178 _d96178 |
||